| 000 | 00623nam a2200229Ia 4500 | ||
|---|---|---|---|
| 003 | OSt | ||
| 005 | 20220918193026.0 | ||
| 006 | a|||||r|||| 00| 0 | ||
| 007 | ta | ||
| 008 | 220917b |||||||| |||| 00| 0 eng d | ||
| 024 | _a71,550 | ||
| 037 | _cTextual | ||
| 040 |
_aARTS _cARTS _beng |
||
| 041 |
_2eng _aeng |
||
| 082 | _aR3xM89:g, L8 | ||
| 100 |
_aManikath J _980868 |
||
| 245 | 0 | _aFrom anxity to releasement in Martin Heideggers thought | |
| 260 |
_aKottayam _bJoseph Manikath _c1978 |
||
| 300 |
_aviii, 58p. _ccm. |
||
| 942 |
_hR3xM89:g, L8 _cTEXL _2CC |
||
| 999 |
_c197623 _d197623 |
||